000 00266nam a2200097Ia 4500
001 644427
005 20250826153604.0
008 250824s9999 xx 000 0 und d
245 0 _aPİRAMİTLERİ KİM YAPTI?
_cJANE CHİSHOLM-STRUAN REİD
260 _bTÜBİTAK YAYINLARI
999 _c644427
_d644427